000 00438nam a2200181Ia 4500
001 23188
005 20260414150921.0
008 260414t2017||||xx |||||||||||||| ||spa||
041 _aESP
082 _a625.725
_bR81
100 _aRomana, Manuel
_eAUT
245 0 _aManual de capacidad de carreteras :
_bHCM-2010
260 _c2017
300 _a1168 páginas :
_c23 cm.
650 _a0
654 _aCIC
942 _cLIB
_dJUS
_fJUS
_2ddc
_n
999 _c23188
_d23188